Tạo hình và phương pháp hướng dẫn hoạt động tạo hình cho trẻ em Quyển 2
Đã lưu trong:
| 主要作者: | |
|---|---|
| 格式: | 图书 |
| 语言: | Undetermined |
| 出版: |
H.
ĐH Quốc gia Hà Nội
2008
|
| 主题: | |
| 在线阅读: | http://lrc.tdmu.edu.vn/opac/search/detail.asp?aID=2&ID=4370 |
| 标签: |
添加标签
没有标签, 成为第一个标记此记录!
|
| Thư viện lưu trữ: | Trung tâm Học liệu Trường Đại học Thủ Dầu Một |
|---|
| LEADER | 00745nam a2200217Ia 4500 | ||
|---|---|---|---|
| 001 | TDMU_4370 | ||
| 008 | 210410s9999 xx 000 0 und d | ||
| 082 | |a 372.21 | ||
| 090 | |b Đ116 | ||
| 100 | |a Đặng, Hồng Nhật | ||
| 245 | 0 | |a Tạo hình và phương pháp hướng dẫn hoạt động tạo hình cho trẻ em | |
| 245 | 0 | |c Đặng Hồng Nhật | |
| 245 | 0 | |n Quyển 2 | |
| 245 | 0 | |p Làm đồ chơi | |
| 260 | |a H. | ||
| 260 | |b ĐH Quốc gia Hà Nội | ||
| 260 | |c 2008 | ||
| 300 | |a 92tr. | ||
| 650 | |a GIáo dục mầm non |x Tạo hình | ||
| 856 | |u http://lrc.tdmu.edu.vn/opac/search/detail.asp?aID=2&ID=4370 | ||
| 980 | |a Trung tâm Học liệu Trường Đại học Thủ Dầu Một | ||